000 00305nam a2200109Ia 4500
008 171211s9999 xx 000 0 und d
245 _aDigital Textile Printing
245 _cLinda Welters and Susan Carden
260 _c2016
650 _xDesign
856 _uhttp://down.ebook777.com/060/9781472535672.pdf
999 _c347956
_d347956